Catalog

Record Details

Catalog Search



Co si beru na cestu a koho na ní potkám : teorie a praxe současné migrace  Cover Image Book Book

Co si beru na cestu a koho na ní potkám : teorie a praxe současné migrace / kolektiv autorů

Fritzová, Marie. Navazuje na: Interkulturalita a národnostní menšiny v teorii i praxi (Added Author). Západočeská univerzita. Pedagogická knihovna (Publisher).

Record details

  • ISBN: 978-80-261-1279-2
  • Physical Description: vii, 136 stran : ilustrace (převážně barevné) ; 21 cm
  • Edition: První vydání
  • Publisher: Plzeň : Západočeská univerzita v Plzni, 2024

Content descriptions

General Note:
"Fakulta pedagogická Západočeské univerzity v Plzni"--Rub titulní stránky
Bibliography, etc. Note:
Obsahuje bibliografii, bibliografické odkazy a rejstříky
Language Note:
České a anglické resumé
Subject: průřezová témata (pedagogika)
biografická metoda
mezinárodní migrace
imigrace > Česko
akulturace > Česko
emigrace > Ukrajina
cross-curricular themes (pedagogy)
biographical method
international migration
immigration > Czechia
acculturation > Czechia
emigration > Ukraine
Genre: metodické příručky
methodological manuals

Available copies

  • 1 of 1 copy available at Common Catalog SPOK.

Holds

  • 0 current holds with 1 total copy.
Show Only Available Copies
Location Call Number / Copy Notes Barcode Shelving Location Status Due Date
Jabok Library Soc-6.1/F 424480047019 Odborná literatura Novinky -

LDR 02468nam a2200625 i 4500
00158594
003CZ-PrJAB
00520250422060949.0
007ta
008250212s2024 xr a f f 001 0 cze
015 . ‡acnb003672430
020 . ‡a978-80-261-1279-2 ‡q(brožováno)
035 . ‡a(CZ PrSKC)nkc20253672430
040 . ‡aBOA001 ‡bcze ‡erda
0410 . ‡acze ‡bcze ‡beng
043 . ‡ae-xr--- ‡ae-un---
072 7. ‡a37.016 ‡xUčební osnovy. Vyučovací předměty. Učebnice ‡2Konspekt ‡922
080 . ‡a37.091.3.011.33 ‡2MRF
080 . ‡a303.422 ‡2MRF
080 . ‡a314.15-026.44 ‡2MRF
080 . ‡a314.15-026.48 ‡2MRF
080 . ‡a316.732 ‡2MRF
080 . ‡a314.15-026.49 ‡2MRF
080 . ‡a(437.3) ‡2MRF
080 . ‡a(477) ‡2MRF
080 . ‡a(072) ‡2MRF
24500. ‡aCo si beru na cestu a koho na ní potkám : ‡bteorie a praxe současné migrace / ‡ckolektiv autorů
24618. ‡aCo si beru na cestu a koho na ní potkám: teorie a praxe současné migrace
250 . ‡aPrvní vydání
264 1. ‡aPlzeň : ‡bZápadočeská univerzita v Plzni, ‡c2024
300 . ‡avii, 136 stran : ‡bilustrace (převážně barevné) ; ‡c21 cm
336 . ‡atext ‡btxt ‡2rdacontent
337 . ‡abez média ‡bn ‡2rdamedia
338 . ‡asvazek ‡bnc ‡2rdacarrier
500 . ‡a"Fakulta pedagogická Západočeské univerzity v Plzni"--Rub titulní stránky
504 . ‡aObsahuje bibliografii, bibliografické odkazy a rejstříky
546 . ‡aČeské a anglické resumé
65007. ‡aprůřezová témata (pedagogika) ‡7ph794956 ‡2czenas
65007. ‡abiografická metoda ‡7ph118894 ‡2czenas
65007. ‡amezinárodní migrace ‡7ph122809 ‡2czenas
65007. ‡aimigrace ‡7ph137595 ‡zČesko ‡2czenas
65007. ‡aakulturace ‡7ph195465 ‡zČesko ‡2czenas
65007. ‡aemigrace ‡7ph137593 ‡zUkrajina ‡2czenas
65009. ‡across-curricular themes (pedagogy) ‡2eczenas
65009. ‡abiographical method ‡2eczenas
65009. ‡ainternational migration ‡2eczenas
65009. ‡aimmigration ‡zCzechia ‡2eczenas
65009. ‡aacculturation ‡zCzechia ‡2eczenas
65009. ‡aemigration ‡zUkraine ‡2eczenas
655 7. ‡ametodické příručky ‡7fd132826 ‡2czenas
655 9. ‡amethodological manuals ‡2eczenas
7001 . ‡iNavazuje na: ‡aFritzová, Marie. ‡tInterkulturalita a národnostní menšiny v teorii i praxi
7102 . ‡aZápadočeská univerzita. ‡bPedagogická knihovna ‡7kn20060430021 ‡4pbl
910 . ‡aABG312
995 . ‡aska
901 . ‡a58594 ‡bCZ PrSKC ‡c58594 ‡tbiblio

Additional Resources